Foi et liturgie: actes du septième colloque d'études historiques, théologiques et canoniques sur le rite roamin
Kaydedildi:
| Materyal Türü: | Kitap |
|---|---|
| Dil: | Fransızca |
| Baskı/Yayın Bilgisi: |
París
Centre International d'Etudes Liturgiques
2002
|
| Konular: | |
| Etiketler: |
Etiketle
Etiket eklenmemiş, İlk siz ekleyin!
|
MARC
| LEADER | 00000nam a2200000 a 4500 | ||
|---|---|---|---|
| 001 | UCM5078 | ||
| 003 | CL-VaPUC | ||
| 008 | 020927e20020000fr |||||||||||||||||fre|d | ||
| 082 | 0 | 4 | |a 264 |b FOI |2 21 |
| 245 | 1 | 0 | |a Foi et liturgie: actes du septième colloque d'études historiques, théologiques et canoniques sur le rite roamin |
| 300 | |a 482 p | ||
| 942 | |c BK | ||
| 945 | |d 20020927 00:00:00 |a cmena | ||
| 260 | |a París |b Centre International d'Etudes Liturgiques |c 2002 | ||
| 650 | 7 | |a LITURGIA |2 CL-VaPUC |9 471410 | |
| 650 | 7 | |a CULTO PUBLICO |2 CL-VaPUC |9 397993 | |
| 650 | 0 | |a Ritos sagrados |9 389594 | |
| 650 | 0 | |a Cristianismo |9 257361 | |
| 583 | |a last modification |c 20130809 03:07:43 |k Rodrigo Vera | ||
| 999 | |c 301375 |d 301373 | ||
| 952 | |0 0 |1 0 |4 0 |6 264_000000000000000_FOI_2002 |7 0 |8 A |9 360234 |a BIBTEO |b BIBTEO |d 2019-11-21 |i 3836150 |o 264 FOI 2002 |p 3836150 |r 2025-01-17 |w 2019-11-21 |y BK |k ICR | ||